Linia kolejowa nr 271 - posterunki i przystanki - Statystyki

Ogólne statystyki
  • Ten quiz został rozwiązany 40 razy
  • Średni wynik to 23 z 39
Statystyki odpowiedzi
Rodzaj punktu Linie
kolejowe
Nazwa punktu % Poprawnych
Stacja 132, 271273, 276 285, 763 Wrocław Główny
100%
Stacja 14, 271359, 817 818 Leszno
97%
Stacja 3, 271272, 351 354 Poznań Główny
93%
Stacja 271, 362 Rawicz
90%
Stacja 271, 366376 Kościan
87%
Stacja 271, 317 Żmigród
87%
Przystanekosobowy 143, 271756 Wrocław Mikołajów
83%
Stacja 271 Oborniki Śląskie
80%
Stacja 271, 357802 Luboń koło Poznania
77%
Stacja 271 Mosina
77%
Stacja 271, 372 Bojanowo
70%
Przystanek osobowy 271 Poznań Dębiec
70%
Stacja 271, 369 Czempiń
63%
Stacja 143, 271752, 755 Wrocław Popowice
63%
Przystanek osobowy 271 Puszczykowo
60%
Przystanek osobowy 271 Rydzyna
60%
Posterunek odgałęźny 271 Rydzyna
60%
Stacja 271 Stare Bojanowo
60%
Stacja 271, 292 Wrocław Osobowice
60%
Przystanek osobowy 271 Wrocław Świniary
60%
Przystanek osobowy 271 Korzeńsko
53%
Stacja 271 Skokowa
53%
Przystanek osobowy 271 Drużyna Poznańska
50%
Przystanek osobowy 271 Kaczkowo
50%
Posterunek odgałęźny 271 Pęgów
50%
Posterunekbocznicowy i przystanek osobowy 271, 361 Puszczykówko
50%
Przystanek osobowy 271 Szewce
50%
Posterunekodgałęźny 271, 273753, 761 Grabiszyn
47%
Przystanek osobowy 271 Wrocław Różanka
47%
Przystanek osobowy 271 Garbce
43%
Posterunek odgałęźny 271 Lipno Nowe
43%
Przystanek osobowy 271 Lipno Nowe
43%
Przystanek osobowy 271 Oborzyska Stare
40%
Przystanek osobowy 271 Iłowiec
37%
Przystanek osobowy 271 Osola
37%
Posterunek odgałęźny 271 Przysieka Stara
33%
Przystanek osobowy 271 Przysieka Stara
33%
Przystanek osobowy 271 Górka Duchowna
30%
Posterunekodgałęźny (nieczynny) 271, 762 Jeżyny
20%
Nie znaleziono quizów pasujących do podanych kryteriów
Rozkład punktacji
Procent ludzi z każdym wynikiem
Percentyl według liczby udzielonych odpowiedzi
Twoja historia wyników
Nie rozwiązałeś tego quizu